| 000 | 01235nam a22002774i 4500 | ||
|---|---|---|---|
| 999 |
_c64636 _d64636 |
||
| 001 | 7002624 | ||
| 003 | CO-MdFUSB | ||
| 005 | 20240618062719.0 | ||
| 008 | 801205s1947 enk 000 0 eng d | ||
| 040 |
_aOKG _dCBC _bspa _cCO-MdFUSB _erda |
||
| 041 | _aeng | ||
| 082 |
_a266.1 _223 _bH715 |
||
| 100 | 1 |
_aHogben, Rowland. _eautor |
|
| 245 | 1 | 3 |
_aIn training : _ba guide to the preparation of the missionary _c/ Rowland Hogben ; editor A.T. Houghton. |
| 264 |
_aLondres, Inglaterra : _bThe Inter-Varsity Fellowship, _c℗[1947] |
||
| 300 |
_a188 páginas ; _c20 cm. |
||
| 336 |
_2rdacontent _atexto _btxt |
||
| 337 |
_2rdamedia _asin mediación _bn |
||
| 338 |
_2rdacarrier _avolumen _bnc |
||
| 505 | _aEl motivo y la llamada misionera -- La vida para ser vivida -- Calificaciones -- Carácter -- Una ofrenda de servicio -- Estudio de la biblia -- Oración -- Predicación -- Evangelismo personal -- Religión comparativa -- Otros estudios y trabajo práctico -- El trabajo en el campo -- Salud -- Estudio del lenguaje -- Rechazado -- La reunión de despedida -- Posdata | ||
| 563 | _aTapa dura | ||
| 650 | 0 |
_aMisiones _9154 |
|
| 700 | 1 |
_aHoughton, A. T. _q(Alfred Thomas), _d1896- _eeditor |
|
| 942 | _cP | ||